A Debate to remember: (Record no. 192325)

MARC details
000 -LEADER
fixed length control field 00613nam a22001817a 4500
005 - DATE AND TIME OF LATEST TRANSACTION
control field 20220919140957.0
010 ## - LCCN (DPL NO)
LC control number ENG-135125
020 ## - INTERNATIONAL STANDARD BOOK NUMBER
International Standard Book Number 9780199481705
Terms of availability 995.00
035 ## - SYSTEM CONTROL NUMBER
System control number EN-118657
037 ## - SOURCE OF ACQUISITION
Source of stock number/acquisition DBAD / PUB
082 ## - DEWEY DECIMAL CLASSIFICATION NUMBER
Classification number 327.17470954
100 ## - MAIN ENTRY--PERSONAL NAME
Personal name Chaitanya Ravi
245 ## - TITLE STATEMENT
Title A Debate to remember:
Remainder of title The US-India nuclear deal/
Statement of responsibility, etc Chaitanya Ravi
260 ## - PUBLICATION, DISTRIBUTION, ETC. (IMPRINT)
Place of publication, distribution, etc New Delhi
Name of publisher, distributor, etc Oxford University Press
Date of publication, distribution, etc 2018
270 ## - ADDRESS
Address 2/11 Ground Floor, Ansari road, Darya Ganj
City New Delhi
Postal code 110002
300 ## - PHYSICAL DESCRIPTION
Extent xix,309p.
Dimensions 22cm(hb)
Other physical details Appendix, Bibliography, Index
942 ## - ADDED ENTRY ELEMENTS (KOHA)
Source of classification or shelving scheme Dewey Decimal Classification
Item type English Books
Call number suffix CHA
Classification part 327.17470954
Holdings
Withdrawn status Lost status Not for loan Collection code Home library Current library Date acquired Source of acquisition Cost, normal purchase price Full call number Barcode Copy number Cost, replacement price Koha item type
      Non-fiction Bawana Bawana 19/09/2022 DBAD/PUB 995.00 327.17470954 CHA EN-118657 1 995.00 English Books

© Delhi Public Library
Hit Counter
free hit counter